| Tag |
First Indicator |
Second Indicator |
Subfields |
| LEADER |
00000cam a2200000 a 4500 |
| 001 |
in00001492721 |
| 005 |
20151021092312.0 |
| 008 |
981112s1999 nyub b 001 0 eng |
| 010 |
|
|
|a 98032355
|
| 020 |
|
|
|a 0312222130 (cloth)
|
| 020 |
|
|
|a 0312222149 (pbk. )
|
| 035 |
|
|
|a (OCoLC)40340014
|
| 035 |
|
|
|9 AJK3243AM
|
| 040 |
|
|
|a DLC
|c DLC
|d TXA
|d UtOrBLW
|
| 049 |
|
|
|a TXAM
|
| 050 |
0 |
0 |
|a D743
|b .P79 1999
|
| 082 |
0 |
0 |
|a 940.53
|2 21
|
| 100 |
1 |
|
|a Purdue, A. W.
|q (A. William)
|
| 245 |
1 |
4 |
|a The Second World War /
|c A.W. Purdue.
|
| 264 |
|
1 |
|a New York :
|b St. Martin's Press,
|c 1999.
|
| 300 |
|
|
|a xix, 203 pages :
|b maps ;
|c 23 cm.
|
| 336 |
|
|
|a text
|b txt
|2 rdacontent
|
| 337 |
|
|
|a unmediated
|b n
|2 rdamedia
|
| 338 |
|
|
|a volume
|b nc
|2 rdacarrier
|
| 504 |
|
|
|a Includes bibliographical references (pages 185-189) and index.
|
| 650 |
|
0 |
|a World War, 1939-1945.
|
| 948 |
|
|
|a c:mh
|
| 999 |
|
|
|a MARS
|
| 999 |
f |
f |
|s 35efef59-25ab-39c2-8fa7-9c40a0d9000d
|i 0f5b3662-d3e7-3866-a20c-3b629fb725e3
|t 0
|
| 952 |
f |
f |
|p noncirc
|a Texas A&M University
|b College Station
|c Cushing Memorial Library & Archives
|d Cushing: Ragan Military (Does not check out)
|t 0
|e D743 .P79 1999
|h Library of Congress classification
|i unmediated -- volume
|m A14852144915
|
| 952 |
f |
f |
|p normal
|a Texas A&M University
|b College Station
|c Sterling C. Evans Library
|d Evans: Library Stacks
|t 0
|e D743 .P79 1999
|h Library of Congress classification
|i unmediated -- volume
|m A14825343365
|
| 998 |
f |
f |
|a D743 .P79 1999
|t 0
|l Evans: Library Stacks
|
| 998 |
f |
f |
|a D743 .P79 1999
|t 0
|l Cushing: Ragan Military (Does not check out)
|